Godse's children : (Record no. 156294)
[ view plain ]
| 000 -LEADER | |
|---|---|
| fixed length control field | 00633nam a22001937a 4500 |
| 005 - DATE AND TIME OF LATEST TRANSACTION | |
| control field | 20180828144439.0 |
| 010 ## - LCCN (DPL NO) | |
| LC control number | ENG-123861 |
| 020 ## - INTERNATIONAL STANDARD BOOK NUMBER | |
| International Standard Book Number | 9788172210526 |
| Terms of availability | 360.00 |
| 035 ## - SYSTEM CONTROL NUMBER | |
| System control number | EN-107393 |
| 037 ## - SOURCE OF ACQUISITION | |
| Source of stock number/acquisition | DBAD/PUB. |
| 082 ## - DEWEY DECIMAL CLASSIFICATION NUMBER | |
| Classification number | 320.550954 |
| 100 ## - MAIN ENTRY--PERSONAL NAME | |
| Personal name | Gatade, Subhash |
| 245 ## - TITLE STATEMENT | |
| Title | Godse's children : |
| Statement of responsibility, etc | by Subhash Gatade |
| Remainder of title | hindutva terror in india / |
| 260 ## - PUBLICATION, DISTRIBUTION, ETC. (IMPRINT) | |
| Place of publication, distribution, etc | New Delhi |
| Name of publisher, distributor, etc | Pharos Media & Publishing Pvt. Ltd. |
| Date of publication, distribution, etc | 2011 |
| 270 ## - ADDRESS | |
| Address | D-84, Abul Fazl Enclave - I, Jamia Nagar, |
| City | New Delhi |
| Postal code | 110025 |
| 300 v# - PHYSICAL DESCRIPTION | |
| Extent | 400p. |
| Dimensions | 22cm(pbk.) |
| 500 ## - GENERAL NOTE | |
| General note | It includes appendix and index |
| 942 ## - ADDED ENTRY ELEMENTS (KOHA) | |
| Source of classification or shelving scheme | Dewey Decimal Classification |
| Item type | English Books |
| Call number suffix | GAT |
| Classification part | 320.550954 |
| Withdrawn status | Lost status | Not for loan | Collection code | Home library | Current library | Date acquired | Source of acquisition | Cost, normal purchase price | Full call number | Barcode | Copy number | Cost, replacement price | Koha item type |
|---|---|---|---|---|---|---|---|---|---|---|---|---|---|
| Non-fiction | Shahdara Branch | Bawana | 24/08/2018 | DBAD/PUB | 360.00 | 320.550954 GAT | EN-107393 | 1 | 360.00 | English Books |
